La posesión inscrita en el Derecho Romano.

Zapisane w:
Opis bibliograficzny
1. autor: Topasio Ferretti, Aldo (autor)
Format: Książka
Język:hiszpański
Wydane: Valparaíso, Chile: Universidad de Chile; Facultad de Ciencias Jurídicas, Económicas y Sociales; Departamento de Ciencias Jurídicas, 1978.
Seria:Colección de Estudios y Monografías, 9.
Hasła przedmiotowe:
Etykiety: Dodaj etykietę
Nie ma etykietki, Dołącz pierwszą etykiete!

MARC

LEADER 00000nam a2200000 a 4500
001 UCU9232
003 CL-VaPUC
005 20220822114328.0
008 960809e19780000CL |||||||||||||||||spa|d
999 |c 251093  |d 251091 
040 |c Pontificia Universidad Católica de Valparaíso 
082 0 4 |a 340.54 TOP 1978   |2 21 
100 0 |a Topasio Ferretti, Aldo  |e autor  |9 368357 
245 1 3 |a La posesión inscrita en el Derecho Romano. 
260 |a Valparaíso, Chile:  |b Universidad de Chile;  |b Facultad de Ciencias Jurídicas, Económicas y Sociales;  |b Departamento de Ciencias Jurídicas,  |c 1978. 
300 |a 130 páginas.  
490 0 |a Colección de Estudios y Monografías, 9. 
500 |a c.2 Donación Familia Prof. Alejandro Guzmán Brito.  
583 |a last modification  |c 19960809 00:00:00  |k Rodrigo Vera 
600 0 |a Justiniano I  |d 483-565  |9 858631 
650 0 |a Derecho romano  |9 255930  |x Posesión  
852 |a BIBCUR 
942 |c BK  |2 ddc  |n 0 
945 |d 19960809 00:00:00  |a rleighto 
952 |0 0  |1 0  |4 0  |6 340_540000000000000_TOP_1978  |7 0  |8 DER_ROM  |9 270028  |a BIBDER  |b BIBDER  |d 2019-11-19  |i 200982K  |l 1  |o 340.54 TOP 1978  |p 200982K  |r 2025-03-19  |s 2025-03-19  |w 2019-11-19  |x Ubicación 4to piso  |y BK  |z Este recurso debe solicitarse con anticipación  |k DER